Bifurcation, th©♭orie ergodique et applications : (Record no. 14078)

000 -LEADER
fixed length control field 00567nam a2200157 a 4500
040 ## - CATALOGING SOURCE
Transcribing agency DLC
082 00 - DEWEY DECIMAL CLASSIFICATION NUMBER
Classification number 515 DAS 1982 A058 Or.
245 00 - TITLE STATEMENT
Title Bifurcation, th©♭orie ergodique et applications :
Remainder of title Dijon, 22-26 juin 1981
260 ## - PUBLICATION, DISTRIBUTION, ETC. (IMPRINT)
Place of publication Paris :
Name of publisher Soci©♭t©♭ math©♭matique de France ;
Place of publication Providence, R.I. :
Name of publisher Distribution, American Mathematical Society,
Year of publication 1982
300 ## - PHYSICAL DESCRIPTION
Number of Pages 225 p. :
Other physical details ill. ;
Dimensions 24 cm
500 ## - GENERAL NOTE
General note French and English
650 #0 - SUBJECT ADDED ENTRY--TOPICAL TERM
Topical Term Bifurcation theory
650 #0 - SUBJECT ADDED ENTRY--TOPICAL TERM
Topical Term Ergodic theory
710 2# - ADDED ENTRY--CORPORATE NAME
Corporate name or jurisdiction name as entry element Soci©♭t©♭ math©♭matique de France
942 ## - ADDED ENTRY ELEMENTS (KOHA)
Koha item type សៀវភៅភាសាអង់គ្លេស
952 ## - LOCATION AND ITEM INFORMATION (KOHA)
Withdrawn status [LOCAL, KOHA] 0
Holdings
Permanent Location Date acquired Koha item type Lost status Shelving location Barcode Current Location Full call number
Library Block A2017-10-06សៀវភៅភាសាអង់គ្លេស A058A19286Library Block A515 DAS 1982 A058 Or.
មជ្ឈមណ្ឌលឯការនៃសាកលវិទ្យាល័យភូមិន្ទកសិកម្មចំការដូង

Powered by Koha